[Event "43. Olimpiada Batumi 2018 Femenina"]
[Site "Batumi GEO"]
[Date "2018.09.24"]
[Round "1.1"]
[White "Rodriguez Arrieta, Maria Elena"]
[Black "Goryachkina, Aleksandra"]
[Result "1/2-1/2"]
[WhiteElo "1943"]
[BlackElo "2535"]
[PlyCount "99"]
[EventDate "2018.09.24"]
[EventType "team-swiss"]
[EventRounds "11"]
[EventCountry "GEO"]
[SourceTitle "Ajedrez en Madrid"]
[Source "lmi"]
[SourceDate "2018.09.24"]
[WhiteTeam "Costa Rica"]
[BlackTeam "Russia"]
[WhiteTeamCountry "CRI"]
[BlackTeamCountry "RUS"]

1. e4 e6 2. d3 d5 3. Nd2 Nf6 4. Ngf3 c5 5. g3 g6 6. Bg2 Bg7 7. O-O O-O 8. c3
Nc6 9. Re1 b6 10. e5 Nd7 11. d4 a5 12. Nf1 Ba6 13. Bg5 Qc7 14. Qd2 Rfe8 15. Bh6
Bh8 16. h4 Rac8 17. Rac1 Qb7 18. a3 b5 19. N1h2 b4 20. axb4 axb4 21. Qf4 Bd3
22. Ng5 Re7 23. Ng4 Qb8 24. Nf3 f5 25. exf6 Qxf4 26. Bxf4 Nxf6 27. Nge5 Nxe5
28. Nxe5 Bb5 29. cxb4 c4 30. Bh3 Ree8 31. Kg2 Nd7 32. Nf3 Rc6 33. Ra1 Nf8 34.
Ra5 Rb6 35. Bc7 Rb7 36. Bd6 Bd7 37. Rea1 Bf6 38. Ra8 Be7 39. Rxe8 Bxe8 40. Bxe7
Rxe7 41. Ra6 Rb7 42. Bxe6+ Nxe6 43. Rxe6 Bd7 44. Re5 Rxb4 45. Rxd5 Bc6 46. Rc5
Bb7 47. d5 Rxb2 48. Rxc4 Bxd5 49. Rc3 h5 50. Rd3 1/2-1/2

[Event "43. Olimpiada Batumi 2018 Femenina"]
[Site "Batumi GEO"]
[Date "2018.09.24"]
[Round "1.2"]
[White "Gunina, Valentina"]
[Black "Gamboa Alvarado, Olga Leticia"]
[Result "1-0"]
[WhiteElo "2528"]
[BlackElo "1869"]
[PlyCount "51"]
[EventDate "2018.09.24"]
[EventType "team-swiss"]
[EventRounds "11"]
[EventCountry "GEO"]
[SourceTitle "Ajedrez en Madrid"]
[Source "lmi"]
[SourceDate "2018.09.24"]
[WhiteTeam "Russia"]
[BlackTeam "Costa Rica"]
[WhiteTeamCountry "RUS"]
[BlackTeamCountry "CRI"]

1. d4 Nf6 2. Nf3 e6 3. c4 Bb4+ 4. Bd2 Qe7 5. e3 Nc6 6. Nc3 b6 7. d5 exd5 8.
cxd5 Ne5 9. Nxe5 Qxe5 10. a3 Bd6 11. f4 Qe7 12. Qf3 Bb7 13. Be2 c6 14. e4 Bc5
15. d6 Bxd6 16. e5 Bxe5 17. fxe5 Qxe5 18. O-O-O O-O-O 19. Bf4 Qf5 20. g4 Qa5
21. g5 c5 22. Qd3 Ne8 23. Nb5 d6 24. Rhf1 Qa4 25. Bxd6 Be4 26. Bg4+ 1-0

[Event "43. Olimpiada Batumi 2018 Femenina"]
[Site "Batumi GEO"]
[Date "2018.09.24"]
[Round "1.3"]
[White "Castillo Morales, Thais"]
[Black "Pogonina, Natalija"]
[Result "0-1"]
[WhiteElo "1925"]
[BlackElo "2469"]
[PlyCount "60"]
[EventDate "2018.09.24"]
[EventType "team-swiss"]
[EventRounds "11"]
[EventCountry "GEO"]
[SourceTitle "Ajedrez en Madrid"]
[Source "lmi"]
[SourceDate "2018.09.24"]
[WhiteTeam "Costa Rica"]
[BlackTeam "Russia"]
[WhiteTeamCountry "CRI"]
[BlackTeamCountry "RUS"]

1. c4 e6 2. Nf3 d5 3. b3 Nf6 4. Bb2 b6 5. g3 Bb7 6. Bg2 Be7 7. O-O O-O 8. e3
dxc4 9. bxc4 c5 10. Qe2 Nc6 11. d3 Qc7 12. Nc3 Rac8 13. Rad1 a6 14. a4 Rfd8 15.
Ne1 Nb4 16. f4 Bxg2 17. Qxg2 Rd7 18. g4 Rcd8 19. Qe2 Qb7 20. g5 Ne8 21. Ne4
Nxd3 22. Nxd3 Qxe4 23. Nf2 Qc6 24. Rxd7 Qxd7 25. Qh5 Qxa4 26. Ng4 Qc2 27. Bxg7
Kxg7 28. f5 exf5 29. Qh6+ Kg8 30. Nf6+ Nxf6 0-1

[Event "43. Olimpiada Batumi 2018 Femenina"]
[Site "Batumi GEO"]
[Date "2018.09.24"]
[Round "1.4"]
[White "Girya, Olga"]
[Black "Salazar Gould, Melanie"]
[Result "1-0"]
[WhiteElo "2462"]
[BlackElo "1926"]
[PlyCount "69"]
[EventDate "2018.09.24"]
[EventType "team-swiss"]
[EventRounds "11"]
[EventCountry "GEO"]
[SourceTitle "Ajedrez en Madrid"]
[Source "lmi"]
[SourceDate "2018.09.24"]
[WhiteTeam "Russia"]
[BlackTeam "Costa Rica"]
[WhiteTeamCountry "RUS"]
[BlackTeamCountry "CRI"]

1. d4 e6 2. c4 f5 3. Nf3 Nf6 4. g3 d5 5. Bf4 c6 6. Nbd2 Bd6 7. e3 O-O 8. Rc1
Ne4 9. Be2 Qe7 10. O-O Nd7 11. a3 Kh8 12. b4 a5 13. c5 Bxf4 14. exf4 Ndf6 15.
Ne5 Rg8 16. Ndf3 g5 17. fxg5 Nxg5 18. Nxg5 Rxg5 19. bxa5 Ne4 20. Bd3 Bd7 21.
Bxe4 fxe4 22. Rb1 Be8 23. Qd2 Rg7 24. f3 exf3 25. Rxf3 Bh5 26. Rf4 Qc7 27. Rbf1
Rag8 28. Rf6 Qe7 29. Qf4 Bg6 30. Nxg6+ Rxg6 31. Rf7 Qd8 32. Qe5+ R6g7 33. Rxg7
Rxg7 34. Rf7 Qg8 35. Rxb7 1-0

[Event "43. Olimpiada Batumi 2018 Femenina"]
[Site "Batumi GEO"]
[Date "2018.09.24"]
[Round "1.1"]
[White "Muzychuk, Mariya"]
[Black "Dornbusch, Tatiana"]
[Result "1-0"]
[WhiteElo "2533"]
[BlackElo "2271"]
[PlyCount "43"]
[EventDate "2018.09.24"]
[EventType "team-swiss"]
[EventRounds "11"]
[EventCountry "GEO"]
[SourceTitle "Ajedrez en Madrid"]
[Source "lmi"]
[SourceDate "2018.09.24"]
[WhiteTeam "Ukraine"]
[BlackTeam "Monaco"]
[WhiteTeamCountry "UKR"]
[BlackTeamCountry "MNC"]

1. e4 e5 2. Nf3 Nc6 3. d4 exd4 4. Nxd4 Bc5 5. Be3 Qf6 6. c3 Nge7 7. Bc4 Qg6 8.
O-O O-O 9. Nd2 Ne5 10. Nf5 Nxf5 11. exf5 Qc6 12. Bxc5 Qxc5 13. Bb3 d5 14. Nf3
Nxf3+ 15. Qxf3 d4 16. f6 gxf6 17. Qxf6 dxc3 18. Rac1 Qf5 19. Qxc3 c6 20. Rce1
Qf4 21. Re3 Bf5 22. Qf6 1-0

[Event "43. Olimpiada Batumi 2018 Femenina"]
[Site "Batumi GEO"]
[Date "2018.09.24"]
[Round "1.2"]
[White "Jose Polanco, Kenia"]
[Black "Ushenina, Anna"]
[Result "0-1"]
[WhiteElo "1872"]
[BlackElo "2451"]
[PlyCount "76"]
[EventDate "2018.09.24"]
[EventType "team-swiss"]
[EventRounds "11"]
[EventCountry "GEO"]
[SourceTitle "Ajedrez en Madrid"]
[Source "lmi"]
[SourceDate "2018.09.24"]
[WhiteTeam "Monaco"]
[BlackTeam "Ukraine"]
[WhiteTeamCountry "MNC"]
[BlackTeamCountry "UKR"]

1. d4 Nf6 2. Bf4 g6 3. Nf3 Bg7 4. e3 O-O 5. Be2 d6 6. O-O b6 7. c4 Bb7 8. Nc3
Ne4 9. Nxe4 Bxe4 10. Nd2 Bb7 11. Bf3 c6 12. Nb3 Qc8 13. e4 c5 14. dxc5 dxc5 15.
Qe2 Nc6 16. Bg4 f5 17. exf5 gxf5 18. Bf3 e5 19. Bd5+ Kh8 20. Bg5 Nd4 21. Nxd4
cxd4 22. Rac1 Qd7 23. Bxb7 Qxb7 24. b4 Rac8 25. c5 bxc5 26. bxc5 Rc6 27. Rc4
Rg6 28. f4 e4 29. h4 h6 30. h5 Rc6 31. Bh4 Qb5 32. a4 Qb3 33. Qc2 Qxc2 34. Rxc2
Re8 35. Rb1 d3 36. Rc4 e3 37. Be1 d2 38. Bxd2 exd2 0-1

[Event "43. Olimpiada Batumi 2018 Femenina"]
[Site "Batumi GEO"]
[Date "2018.09.24"]
[Round "1.3"]
[White "Zhukova, Natalia"]
[Black "Berezovska, Svetlana"]
[Result "1-0"]
[WhiteElo "2403"]
[BlackElo "1812"]
[PlyCount "37"]
[EventDate "2018.09.24"]
[EventType "team-swiss"]
[EventRounds "11"]
[EventCountry "GEO"]
[SourceTitle "Ajedrez en Madrid"]
[Source "lmi"]
[SourceDate "2018.09.24"]
[WhiteTeam "Ukraine"]
[BlackTeam "Monaco"]
[WhiteTeamCountry "UKR"]
[BlackTeamCountry "MNC"]

1. Nf3 e6 2. c4 c5 3. Nc3 g6 4. d4 Bg7 5. Nb5 Ne7 6. Nd6+ Kf8 7. Ng5 Qa5+ 8.
Bd2 Qb6 9. Ngxf7 Rg8 10. d5 exd5 11. cxd5 Qxb2 12. Rb1 Qd4 13. e4 b6 14. Ng5
Nxd5 15. exd5 Qe5+ 16. Nge4 Bf6 17. Qf3 Ke7 18. Nxc8+ Rxc8 19. Bc3 1-0

[Event "43. Olimpiada Batumi 2018 Femenina"]
[Site "Batumi GEO"]
[Date "2018.09.24"]
[Round "1.4"]
[White "Lebel-Arias, Julia"]
[Black "Osmak, Iulija"]
[Result "0-1"]
[WhiteElo "1724"]
[BlackElo "2405"]
[PlyCount "104"]
[EventDate "2018.09.24"]
[EventType "team-swiss"]
[EventRounds "11"]
[EventCountry "GEO"]
[SourceTitle "Ajedrez en Madrid"]
[Source "lmi"]
[SourceDate "2018.09.24"]
[WhiteTeam "Monaco"]
[BlackTeam "Ukraine"]
[WhiteTeamCountry "MNC"]
[BlackTeamCountry "UKR"]

1. d4 d5 2. Nf3 Nf6 3. Bg5 Ne4 4. Bh4 c5 5. e3 Qb6 6. Qc1 Nc6 7. c3 Bf5 8. Nbd2
e6 9. Be2 Rc8 10. O-O Bd6 11. Bg3 Nxg3 12. hxg3 O-O 13. a3 h6 14. Re1 Rfd8 15.
Bf1 Bh7 16. Ra2 Bg6 17. Qd1 a6 18. b4 cxd4 19. cxd4 Rc7 20. Qb3 Rdc8 21. Bd3
Na5 22. Qb1 Bxd3 23. Qxd3 Nc4 24. Nxc4 Rxc4 25. Rd1 Qc6 26. Raa1 Qa4 27. Qf1
Rc3 28. Rd3 R8c7 29. Qd1 Qxd1+ 30. Raxd1 Rxd3 31. Rxd3 Rc1+ 32. Kh2 Kf8 33. Rd2
Ke7 34. Ra2 Kd7 35. Nd2 b6 36. Nb3 Rc3 37. Nd2 Kc6 38. Nb1 Rc1 39. Rb2 Kb5 40.
Nd2 Ka4 41. Nb1 e5 42. f4 exd4 43. exd4 f5 44. Nd2 Kxa3 45. Rb3+ Ka4 46. Re3
Bxb4 47. Nf3 a5 48. Re5 Kb3 49. Rxd5 a4 50. Rd7 a3 51. d5 a2 52. Nd4+ Kb2 0-1

[Event "43. Olimpiada Batumi 2018 Femenina"]
[Site "Batumi GEO"]
[Date "2018.09.24"]
[Round "1.1"]
[White "Nasriddinzoda, Marvorii"]
[Black "Shen, Yang"]
[Result "0-1"]
[WhiteElo "2090"]
[BlackElo "2464"]
[PlyCount "64"]
[EventDate "2018.09.24"]
[EventType "team-swiss"]
[EventRounds "11"]
[EventCountry "GEO"]
[SourceTitle "Ajedrez en Madrid"]
[Source "lmi"]
[SourceDate "2018.09.24"]
[WhiteTeam "Tajikistan"]
[BlackTeam "China"]
[WhiteTeamCountry "TJK"]
[BlackTeamCountry "CHN"]

1. d4 d5 2. c4 e6 3. Nc3 c6 4. cxd5 exd5 5. Qc2 Bd6 6. Nf3 h6 7. e3 Nf6 8. Bd3
Qe7 9. h3 Nbd7 10. a3 a5 11. Bd2 O-O 12. Nh4 Nb6 13. Nf5 Bxf5 14. Bxf5 Nc4 15.
Bd3 b5 16. O-O Rab8 17. Rfe1 Nxd2 18. Qxd2 Rfd8 19. Rec1 Rb6 20. Nd1 Qa7 21. b3
Ra8 22. Rc2 Qe7 23. Qc1 Rc8 24. Nc3 Rcb8 25. Nb1 Qe8 26. Nd2 g6 27. Qb2 Qe7 28.
Qc1 Kg7 29. Nb1 Qe6 30. Nd2 h5 31. Kf1 Qe7 32. Nf3 Qe8 0-1

[Event "43. Olimpiada Batumi 2018 Femenina"]
[Site "Batumi GEO"]
[Date "2018.09.24"]
[Round "1.2"]
[White "Huang, Qian"]
[Black "Antonova, Nadezhda"]
[Result "1/2-1/2"]
[WhiteElo "2446"]
[BlackElo "2038"]
[PlyCount "83"]
[EventDate "2018.09.24"]
[EventType "team-swiss"]
[EventRounds "11"]
[EventCountry "GEO"]
[SourceTitle "Ajedrez en Madrid"]
[Source "lmi"]
[SourceDate "2018.09.24"]
[WhiteTeam "China"]
[BlackTeam "Tajikistan"]
[WhiteTeamCountry "CHN"]
[BlackTeamCountry "TJK"]

1. d4 Nf6 2. c4 e6 3. g3 c6 4. Bg2 d5 5. Nf3 Be7 6. O-O b6 7. Nc3 Bb7 8. cxd5
cxd5 9. Ne5 O-O 10. Qa4 Qe8 11. Qb3 Nc6 12. Nxc6 Bxc6 13. a4 Qd7 14. Bf4 Rfc8
15. Rfc1 h6 16. a5 bxa5 17. Rxa5 Bd6 18. Bxd6 Qxd6 19. Qa3 Qxa3 20. Rxa3 Rcb8
21. b3 Rb6 22. e3 Bb5 23. Na2 Bd3 24. Rc7 Ne8 25. Rc3 Ba6 26. Rc5 Bd3 27. Nc1
Bb5 28. f3 a6 29. Kf2 Rd8 30. Na2 Bd3 31. Ke1 Rdb8 32. Nc1 Bb5 33. Kd2 Kf8 34.
Rc3 Rd8 35. Na2 Rdb8 36. Nb4 Nd6 37. Nc2 Bd7 38. Bf1 Bb5 39. Bh3 Bd7 40. Rc7
Be8 41. Bf1 Bb5 42. Bh3 1/2-1/2

[Event "43. Olimpiada Batumi 2018 Femenina"]
[Site "Batumi GEO"]
[Date "2018.09.24"]
[Round "1.3"]
[White "Hotami, Mutriba"]
[Black "Lei, Tingjie"]
[Result "0-1"]
[WhiteElo "1840"]
[BlackElo "2468"]
[PlyCount "68"]
[EventDate "2018.09.24"]
[EventType "team-swiss"]
[EventRounds "11"]
[EventCountry "GEO"]
[SourceTitle "Ajedrez en Madrid"]
[Source "lmi"]
[SourceDate "2018.09.24"]
[WhiteTeam "Tajikistan"]
[BlackTeam "China"]
[WhiteTeamCountry "TJK"]
[BlackTeamCountry "CHN"]

1. d4 Nf6 2. Nf3 g6 3. Bg5 Bg7 4. Nbd2 O-O 5. e4 d5 6. Bd3 h6 7. Bf4 c5 8. exd5
cxd4 9. Be5 Nxd5 10. Bxg7 Kxg7 11. Nb3 e5 12. O-O Qf6 13. Re1 Nc6 14. Nc5 a6
15. Ne4 Qd8 16. Ng3 Re8 17. Bc4 Nf4 18. Qd2 Qc7 19. Bf1 Bg4 20. Ne2 Nh3+ 21.
gxh3 Bxf3 22. Bg2 Bxg2 23. Kxg2 Qd7 24. Ng3 Qd5+ 25. Kg1 e4 26. Qf4 f5 27. h4
Ne5 28. Red1 Nf3+ 29. Kg2 Re5 30. c4 Qe6 31. h5 g5 32. Qc1 f4 33. Ne2 Nh4+ 34.
Kh1 Qh3 0-1

[Event "43. Olimpiada Batumi 2018 Femenina"]
[Site "Batumi GEO"]
[Date "2018.09.24"]
[Round "1.4"]
[White "Zhai, Mo"]
[Black "Abrorova, Sabrina"]
[Result "1-0"]
[WhiteElo "2351"]
[BlackElo "1685"]
[PlyCount "57"]
[EventDate "2018.09.24"]
[EventType "team-swiss"]
[EventRounds "11"]
[EventCountry "GEO"]
[SourceTitle "Ajedrez en Madrid"]
[Source "lmi"]
[SourceDate "2018.09.24"]
[WhiteTeam "China"]
[BlackTeam "Tajikistan"]
[WhiteTeamCountry "CHN"]
[BlackTeamCountry "TJK"]

1. c4 Nf6 2. Nf3 g6 3. g3 Bg7 4. Bg2 O-O 5. O-O d6 6. d4 Qe8 7. b3 a5 8. Nc3
Nbd7 9. Bb2 c6 10. h3 d5 11. Ne5 dxc4 12. Nxc4 Qd8 13. e4 Nb6 14. Nxb6 Qxb6 15.
Qc2 Rd8 16. Rfd1 Be6 17. Na4 Qa7 18. Nc5 Bd7 19. Rac1 Rac8 20. Kh2 Bh6 21. Rb1
Ne8 22. a4 Nc7 23. Ba3 Bf8 24. b4 Na6 25. bxa5 e6 26. Rxb7 Qa8 27. Rxd7 Rxd7
28. Nxd7 Bxa3 29. Nb6 1-0

[Event "43. Olimpiada Batumi 2018 Femenina"]
[Site "Batumi GEO"]
[Date "2018.09.24"]
[Round "1.1"]
[White "Dzagnidze, Nana"]
[Black "Wang, Chengjia"]
[Result "1-0"]
[WhiteElo "2509"]
[BlackElo "2050"]
[PlyCount "79"]
[EventDate "2018.09.24"]
[EventType "team-swiss"]
[EventRounds "11"]
[EventCountry "GEO"]
[SourceTitle "Ajedrez en Madrid"]
[Source "lmi"]
[SourceDate "2018.09.24"]
[WhiteTeam "Georgia 1"]
[BlackTeam "South Korea"]

1. Nf3 d5 2. b3 Nf6 3. Bb2 Bf5 4. c4 e6 5. g3 Nbd7 6. Bg2 c6 7. O-O Bd6 8. d3
O-O 9. cxd5 exd5 10. e4 Bg4 11. Qc2 Re8 12. Nbd2 dxe4 13. dxe4 Ne5 14. Nd4 Bb4
15. Nc4 Nxc4 16. Qxc4 Bd6 17. Rfe1 Qb6 18. h3 Bh5 19. Nf5 Be5 20. Qc2 Rad8 21.
Bxe5 Rxe5 22. Ne3 Bg6 23. Nc4 Qc5 24. b4 Qe7 25. Nxe5 Qxe5 26. Qc5 Qb2 27. Rad1
Rxd1 28. Rxd1 h6 29. Qc4 Qe5 30. a4 Bh5 31. f4 Qc7 32. Rd2 Nd7 33. Qd4 Nf8 34.
Qd8 Qxd8 35. Rxd8 Be2 36. e5 g6 37. g4 h5 38. f5 hxg4 39. e6 fxe6 40. fxe6 1-0

[Event "43. Olimpiada Batumi 2018 Femenina"]
[Site "Batumi GEO"]
[Date "2018.09.24"]
[Round "1.2"]
[White "Eynula, Roza"]
[Black "Javakhishvili, Lela"]
[Result "1-0"]
[WhiteElo "2030"]
[BlackElo "2475"]
[PlyCount "131"]
[EventDate "2018.09.24"]
[EventType "team-swiss"]
[EventRounds "11"]
[EventCountry "GEO"]
[SourceTitle "Ajedrez en Madrid"]
[Source "lmi"]
[SourceDate "2018.09.24"]
[WhiteTeam "South Korea"]
[BlackTeam "Georgia 1"]

1. d4 d6 2. c4 e5 3. Nc3 Nf6 4. e4 exd4 5. Qxd4 Nc6 6. Qd2 g6 7. Bd3 Bg7 8.
Nge2 O-O 9. O-O Ne5 10. f3 Nfd7 11. b3 Nxd3 12. Qxd3 Nc5 13. Qd2 f5 14. exf5
Bxf5 15. Bb2 c6 16. Ng3 Qh4 17. Nce2 Bxb2 18. Qxb2 Bd3 19. Rad1 Rae8 20. Rfe1
Re3 21. Nc1 Rxe1+ 22. Rxe1 b5 23. cxb5 Bxb5 24. Qc3 Qf6 25. Qd2 d5 26. b4 Ne6
27. Nb3 Bc4 28. Na5 Bb5 29. Nb3 Ba4 30. Rxe6 Qxe6 31. Nc5 Qe5 32. Nxa4 Rf4 33.
Ne2 Rc4 34. Nb2 Rh4 35. g3 Rh5 36. Nd4 Qf6 37. Qf4 Qe7 38. Nd3 a5 39. a3 axb4
40. axb4 Qa7 41. Qe3 Qa1+ 42. Kg2 Qa2+ 43. Qe2 Qxe2+ 44. Nxe2 d4 45. f4 Rd5 46.
Kf3 g5 47. fxg5 Rd8 48. Kf4 Kg7 49. Kg4 Re8 50. Nef4 Re3 51. Kf5 Kg8 52. g6 h6
53. Kf6 Re8 54. Ne6 Rb8 55. g4 Rb6 56. h4 Ra6 57. h5 Ra3 58. Nef4 Ra6 59. Nc5
Ra8 60. Nfe6 Rb8 61. Nxd4 Rxb4 62. Nce6 Rb1 63. Nf5 Rf1 64. g7 c5 65. Kg6 Rxf5
66. gxf5 1-0

[Event "43. Olimpiada Batumi 2018 Femenina"]
[Site "Batumi GEO"]
[Date "2018.09.24"]
[Round "1.3"]
[White "Khotenashvili, Bela"]
[Black "Lee, Seyeon"]
[Result "1-0"]
[WhiteElo "2469"]
[BlackElo "1727"]
[PlyCount "75"]
[EventDate "2018.09.24"]
[EventType "team-swiss"]
[EventRounds "11"]
[EventCountry "GEO"]
[SourceTitle "Ajedrez en Madrid"]
[Source "lmi"]
[SourceDate "2018.09.24"]
[WhiteTeam "Georgia 1"]
[BlackTeam "South Korea"]

1. d4 d5 2. c4 e6 3. Nf3 Nf6 4. g3 Be7 5. Bg2 b6 6. O-O O-O 7. Nc3 Bb7 8. cxd5
Nxd5 9. Re1 Nd7 10. e4 Nxc3 11. bxc3 c5 12. a4 Rc8 13. Bb2 Nf6 14. Ne5 Qc7 15.
Rc1 Rfd8 16. Qe2 Nd7 17. Nd3 Bf8 18. Nf4 Nf6 19. h4 Bc6 20. Ra1 Rb8 21. Nd3 Bb7
22. Ne5 Rbc8 23. Rac1 Nd7 24. Ng4 Nb8 25. h5 f6 26. h6 Qf7 27. hxg7 Bxg7 28.
Ne3 cxd4 29. cxd4 Rxc1 30. Rxc1 Nc6 31. d5 Ne7 32. Rc7 Bc8 33. Rxa7 Qe8 34. Ba3
Rd7 35. Ra8 exd5 36. Bxe7 Rxe7 37. Nxd5 Rb7 38. Qc4 1-0

[Event "43. Olimpiada Batumi 2018 Femenina"]
[Site "Batumi GEO"]
[Date "2018.09.24"]
[Round "1.4"]
[White "Kim, Yubin"]
[Black "Arabidze, Meri"]
[Result "0-1"]
[WhiteElo "1671"]
[BlackElo "2404"]
[PlyCount "74"]
[EventDate "2018.09.24"]
[EventType "team-swiss"]
[EventRounds "11"]
[EventCountry "GEO"]
[SourceTitle "Ajedrez en Madrid"]
[Source "lmi"]
[SourceDate "2018.09.24"]
[WhiteTeam "South Korea"]
[BlackTeam "Georgia 1"]

1. e4 e5 2. Bc4 Nf6 3. d3 Nc6 4. Nc3 Na5 5. Bb3 Bc5 6. Nf3 d6 7. Bg5 Nxb3 8.
axb3 c6 9. O-O Bg4 10. Qe2 O-O 11. Be3 Nd7 12. h3 Bh5 13. g4 Bg6 14. Bg5 f6 15.
Be3 Re8 16. Kh1 d5 17. Bxc5 Nxc5 18. Nh4 Ne6 19. Rac1 Qd7 20. Rfd1 Rad8 21. Qf3
b5 22. exd5 cxd5 23. Nxg6 hxg6 24. Ne2 Kf7 25. Kg2 Rh8 26. Rh1 Rh4 27. Rh2 Ng5
28. Qg3 Rdh8 29. Rch1 d4 30. Kf1 Qc6 31. c3 dxc3 32. bxc3 Nf3 33. Rg2 Nd2+ 34.
Ke1 Nxb3 35. Qe3 Qxg2 36. Qxa7+ Kg8 37. Qa8+ Qxa8 0-1

[Event "43. Olimpiada Batumi 2018 Femenina"]
[Site "Batumi GEO"]
[Date "2018.09.24"]
[Round "1.1"]
[White "Milligan, Helen"]
[Black "Koneru, Humpy"]
[Result "0-1"]
[WhiteElo "1942"]
[BlackElo "2557"]
[PlyCount "72"]
[EventDate "2018.09.24"]
[EventType "team-swiss"]
[EventRounds "11"]
[EventCountry "GEO"]
[SourceTitle "Ajedrez en Madrid"]
[Source "lmi"]
[SourceDate "2018.09.24"]
[WhiteTeam "New Zealand"]
[BlackTeam "India"]
[WhiteTeamCountry "NZL"]
[BlackTeamCountry "IND"]

1. e4 g6 2. d4 Bg7 3. Nf3 d6 4. Nc3 c6 5. a4 Nf6 6. Be2 O-O 7. O-O Qc7 8. h3 e5
9. dxe5 dxe5 10. Be3 Nh5 11. Bc4 Nf4 12. Qc1 Be6 13. Ba2 Bxa2 14. Rxa2 Ne6 15.
Rd1 Na6 16. Ne2 f5 17. exf5 gxf5 18. Ng5 Nxg5 19. Bxg5 f4 20. Ra3 Rf5 21. Bh4
Rh5 22. g3 Rf8 23. Qd2 Nc5 24. Qd6 Qxd6 25. Rxd6 fxg3 26. Bxg3 a5 27. Kg2 e4
28. Nf4 Rh6 29. Rxh6 Bxh6 30. Ne2 Rd8 31. Bc7 Rd2 32. Rg3+ Kf7 33. Nf4 Rxc2 34.
Nh5 Nd3 35. Bxa5 Rxf2+ 36. Kg1 Rf5 0-1

[Event "43. Olimpiada Batumi 2018 Femenina"]
[Site "Batumi GEO"]
[Date "2018.09.24"]
[Round "1.2"]
[White "Tania, Sachdev"]
[Black "Punsalan, Vyanla M"]
[Result "1-0"]
[WhiteElo "2400"]
[BlackElo "1932"]
[PlyCount "133"]
[EventDate "2018.09.24"]
[EventType "team-swiss"]
[EventRounds "11"]
[EventCountry "GEO"]
[SourceTitle "Ajedrez en Madrid"]
[Source "lmi"]
[SourceDate "2018.09.24"]
[WhiteTeam "India"]
[BlackTeam "New Zealand"]
[WhiteTeamCountry "IND"]
[BlackTeamCountry "NZL"]

1. d4 f5 2. g3 Nf6 3. Bg2 g6 4. c4 Bg7 5. Nf3 d6 6. Nc3 O-O 7. Rb1 Qe8 8. O-O
e5 9. d5 h6 10. b4 Na6 11. Nd2 g5 12. c5 e4 13. cxd6 Ng4 14. h3 Nxf2 15. Rxf2
Bxc3 16. Nf1 cxd6 17. Bb2 Bxb2 18. Rxb2 Qe5 19. Qb3 Bd7 20. Rc2 Rac8 21. e3
Rxc2 22. Rxc2 Bb5 23. Kh2 Bxf1 24. Bxf1 f4 25. exf4 gxf4 26. Bxa6 bxa6 27. gxf4
Qxf4+ 28. Qg3+ Qxg3+ 29. Kxg3 Kg7 30. Rc7+ Kf6 31. Kf4 Re8 32. Ke3 Ke5 33. Rxa7
Rg8 34. Rxa6 Rg3+ 35. Kf2 Rxh3 36. b5 Rc3 37. b6 Kf4 38. b7 Rc2+ 39. Kg1 Rb2
40. Rxd6 Rxb7 41. Rxh6 Ke3 42. d6 Kd2 43. Rh5 Rd7 44. Rd5+ Ke2 45. Kg2 e3 46.
Kg3 Ke1 47. Kf3 e2 48. Ke3 Kf1 49. Rf5+ Ke1 50. Rh5 Kd1 51. Rd5+ Ke1 52. Rd2
Kf1 53. Rxe2 Rxd6 54. Rh2 Ra6 55. Kd3 Ke1 56. Kc4 Kd1 57. Kb5 Ra3 58. Kb4 Ra8
59. a4 Rb8+ 60. Kc5 Ra8 61. Ra2 Kc1 62. a5 Kb1 63. Ra4 Kb2 64. a6 Kb3 65. Ra1
Rh8 66. a7 Rh5+ 67. Kd6 1-0

[Event "43. Olimpiada Batumi 2018 Femenina"]
[Site "Batumi GEO"]
[Date "2018.09.24"]
[Round "1.3"]
[White "Zhang, Jasmine Haomo"]
[Black "Karavade, Eesha"]
[Result "0-1"]
[WhiteElo "1899"]
[BlackElo "2374"]
[PlyCount "74"]
[EventDate "2018.09.24"]
[EventType "team-swiss"]
[EventRounds "11"]
[EventCountry "GEO"]
[SourceTitle "Ajedrez en Madrid"]
[Source "lmi"]
[SourceDate "2018.09.24"]
[WhiteTeam "New Zealand"]
[BlackTeam "India"]
[WhiteTeamCountry "NZL"]
[BlackTeamCountry "IND"]

1. d4 Nf6 2. c4 e6 3. Nc3 Bb4 4. e3 O-O 5. Nge2 d5 6. cxd5 exd5 7. g3 c6 8. Bg2
Re8 9. Qc2 Nbd7 10. O-O Nf8 11. f3 Ne6 12. Rd1 Ba5 13. Kh1 h6 14. Na4 Rb8 15.
a3 b5 16. Nc5 Nxc5 17. dxc5 Bc7 18. Nd4 Bd7 19. e4 Qe7 20. exd5 Nxd5 21. f4 Bg4
22. Rf1 Qf6 23. Qf2 Rbd8 24. Nf3 Re7 25. h3 Bf5 26. Nd4 Be4 27. Rd1 Bxg2+ 28.
Kxg2 Red7 29. Bd2 Nxf4+ 30. Bxf4 Bxf4 31. Qxf4 Qxf4 32. gxf4 Rxd4 33. Rxd4 Rxd4
34. Kf3 a5 35. Rb1 a4 36. b3 Rd3+ 37. Kg2 Rxb3 0-1

[Event "43. Olimpiada Batumi 2018 Femenina"]
[Site "Batumi GEO"]
[Date "2018.09.24"]
[Round "1.4"]
[White "Padmini, Rout"]
[Black "Qin, Nicole Shu Yu"]
[Result "1-0"]
[WhiteElo "2338"]
[BlackElo "1790"]
[PlyCount "71"]
[EventDate "2018.09.24"]
[EventType "team-swiss"]
[EventRounds "11"]
[EventCountry "GEO"]
[SourceTitle "Ajedrez en Madrid"]
[Source "lmi"]
[SourceDate "2018.09.24"]
[WhiteTeam "India"]
[BlackTeam "New Zealand"]
[WhiteTeamCountry "IND"]
[BlackTeamCountry "NZL"]

1. e4 e6 2. d4 d5 3. Nd2 c5 4. Ngf3 Nc6 5. exd5 Qxd5 6. Bc4 Qd8 7. dxc5 Bxc5 8.
O-O Nf6 9. Qe2 Qc7 10. c3 Bd7 11. a4 Bd6 12. Bd3 Ne5 13. Nxe5 Bxe5 14. g3 Bc6
15. Nf3 Bd6 16. Nd4 O-O 17. Nxc6 Qxc6 18. Bb5 Qc7 19. Bg5 Be7 20. Rfd1 a6 21.
Bf4 Qb6 22. Bd3 Qc6 23. Be5 h6 24. a5 Nd7 25. Be4 Qc8 26. Bd4 Nc5 27. Bc2 Qc6
28. b4 Nd7 29. Ba4 Qc8 30. Bxd7 Qb8 31. Be5 Qa7 32. Qg4 g6 33. Bxe6 Kh7 34. Bb3
f6 35. Qd7 Rae8 36. Bd6 1-0

[Event "43. Olimpiada Batumi 2018 Femenina"]
[Site "Batumi GEO"]
[Date "2018.09.24"]
[Round "1.1"]
[White "Skripchenko, Almira"]
[Black "Shabanaj, Eglantina"]
[Result "1-0"]
[WhiteElo "2414"]
[BlackElo "1953"]
[PlyCount "71"]
[EventDate "2018.09.24"]
[EventType "team-swiss"]
[EventRounds "11"]
[EventCountry "GEO"]
[SourceTitle "Ajedrez en Madrid"]
[Source "lmi"]
[SourceDate "2018.09.24"]
[WhiteTeam "France"]
[BlackTeam "Albania"]
[WhiteTeamCountry "FRA"]
[BlackTeamCountry "ALB"]

1. e4 e5 2. Nf3 Nc6 3. Bc4 Be7 4. Nc3 d6 5. a3 Nf6 6. d3 Bg4 7. h3 Bxf3 8. Qxf3
Nd4 9. Qd1 c6 10. O-O O-O 11. Ba2 Qd7 12. f4 exf4 13. Bxf4 h6 14. Be3 Ne6 15.
d4 d5 16. exd5 cxd5 17. Qd3 Rac8 18. Rf5 Rfd8 19. Nxd5 Nxd5 20. Rxd5 Qc6 21.
Rxd8+ Rxd8 22. c3 Qb6 23. b4 Qd6 24. Rf1 Qg3 25. Bxe6 fxe6 26. Rf3 Qe1+ 27. Rf1
Qg3 28. Rf3 Qe1+ 29. Kh2 Rf8 30. Rxf8+ Kxf8 31. Bf4 Qa1 32. Be5 Bh4 33. Qf3+
Ke7 34. Qxb7+ Ke8 35. Qf3 Qe1 36. Bg3 1-0